[Event "Portugal Open 2018"]
[Site "Lisboa POR"]
[Date "2018.02.09"]
[Round "9.30"]
[White "Shamima, Akter"]
[Black "Martin Duque, Jesus"]
[Result "0-1"]
[BlackElo "2346"]
[WhiteElo "2160"]
[LiveChessVersion "1.4.8"]

1. Nf3 {[%clk 1:30:47]} Nf6 {[%clk 1:30:12]} 2. e3 {[%clk 1:31:05]} d5
{[%clk 1:29:59]} 3. c4 {[%clk 1:31:19]} e6 {[%clk 1:29:38]} 4. b3
{[%clk 1:31:13]} Be7 {[%clk 1:29:21]} 5. Bb2 {[%clk 1:31:32]} O-O
{[%clk 1:29:33]} 6. d4 {[%clk 1:25:26]} b6 {[%clk 1:27:52]} 7. cxd5
{[%clk 1:22:56]} exd5 {[%clk 1:27:58]} 8. Be2 {[%clk 1:22:50]} Bb7
{[%clk 1:28:14]} 9. O-O {[%clk 1:23:11]} Nbd7 {[%clk 1:27:58]} 10. Nc3
{[%clk 1:23:28]} Re8 {[%clk 1:25:08]} 11. Qc2 {[%clk 1:23:17]} c6
{[%clk 1:22:30]} 12. Bd3 {[%clk 1:22:28]} Nf8 {[%clk 1:22:12]} 13. Ne5
{[%clk 1:18:30]} Bd6 {[%clk 1:17:58]} 14. f4 {[%clk 1:17:07]} Rc8
{[%clk 1:15:11]} 15. Bf5 {[%clk 1:16:14]} Rc7 {[%clk 1:14:56]} 16. Rac1
{[%clk 1:10:54]} a6 {[%clk 1:12:06]} 17. Na4 {[%clk 1:03:59]} c5 {[%clk 1:09:20]}
18. Qd2 {[%clk 0:59:57]} g6 {[%clk 0:53:38]} 19. Bd3 {[%clk 0:39:42]} N8d7
{[%clk 0:51:33]} 20. Nxd7 {[%clk 0:38:36]} Nxd7 {[%clk 0:51:48]} 21. dxc5
{[%clk 0:29:49]} bxc5 {[%clk 0:51:26]} 22. e4 {[%clk 0:25:48]} d4
{[%clk 0:48:41]} 23. e5 {[%clk 0:22:47]} Nxe5 {[%clk 0:13:35]} 24. fxe5
{[%clk 0:23:01]} Rxe5 {[%clk 0:14:04]} 25. Rce1 {[%clk 0:18:37]} Qh4
{[%clk 0:06:37]} 26. Qf2 {[%clk 0:18:44]} Qh5 {[%clk 0:04:57]} 27. Rxe5
{[%clk 0:17:46]} Qxe5 {[%clk 0:05:25]} 28. Qg3 {[%clk 0:15:03]} Qd5
{[%clk 0:05:22]} 29. Qf3 {[%clk 0:14:29]} Qg5 {[%clk 0:05:18]} 30. Bc1
{[%clk 0:12:15]} Qe5 {[%clk 0:01:55]} 31. Bf4 {[%clk 0:10:58]} Qe8
{[%clk 0:02:08]} 32. Qg3 {[%clk 0:10:59]} Bxf4 {[%clk 0:02:32]} 33. Qxf4
{[%clk 0:11:20]} Qc6 {[%clk 0:02:55]} 34. Qf2 {[%clk 0:11:05]} Re7
{[%clk 0:03:16]} 35. Bc4 {[%clk 0:11:06]} Qc7 {[%clk 0:02:11]} 36. Nb2
{[%clk 0:10:53]} h5 {[%clk 0:00:53]} 37. Qf6 {[%clk 0:10:39]} Be4
{[%clk 0:01:04]} 38. Nd3 {[%clk 0:10:18]} Bxd3 {[%clk 0:00:47]} 39. Bxd3
{[%clk 0:10:27]} Re6 {[%clk 0:01:10]} 40. Qf3 {[%clk 0:10:15]} Re3
{[%clk 0:01:27]} 41. Qa8+ {[%clk 0:10:35]} Kg7 {[%clk 0:01:56]} 42. Bc4
{[%clk 0:10:55]} f5 {[%clk 0:01:57]} 43. Qg8+ {[%clk 0:10:41]} Kh6
{[%clk 0:02:23]} 44. Bf7 {[%clk 0:08:56]} Qd6 {[%clk 0:02:33]} 45. h4
{[%clk 0:07:17]} Qf6 {[%clk 0:02:57]} 46. Qf8+ {[%clk 0:04:57]} Qg7
{[%clk 0:03:24]} 47. Qxg7+ {[%clk 0:04:51]} Kxg7 {[%clk 0:03:52]} 48. Bc4
{[%clk 0:05:20]} a5 {[%clk 0:04:22]} 49. Kf2 {[%clk 0:05:17]} Rc3
{[%clk 0:04:44]} 50. Re1 {[%clk 0:04:50]} a4 {[%clk 0:05:05]} 51. Re5
{[%clk 0:03:29]} Rc2+ {[%clk 0:05:26]} 52. Re2 {[%clk 0:03:29]} Rc3
{[%clk 0:05:45]} 53. Ke1 {[%clk 0:03:13]} axb3 {[%clk 0:05:44]} 54. axb3
{[%clk 0:03:35]} Rc1+ {[%clk 0:05:46]} 55. Kf2 {[%clk 0:03:55]} Rc3
{[%clk 0:05:49]} 56. Re5 {[%clk 0:04:09]} Rc2+ {[%clk 0:06:18]} 57. Kf3
{[%clk 0:03:45]} Rc3+ {[%clk 0:05:10]} 58. Kf4 {[%clk 0:03:56]} Rc2
{[%clk 0:05:35]} 59. g3 {[%clk 0:03:16]} Kh6 {[%clk 0:05:02]} 60. Re8
{[%clk 0:02:13]} Rf2+ {[%clk 0:05:20]} 61. Ke5 {[%clk 0:02:40]} Kg7
{[%clk 0:05:24]} 62. Rg8+ {[%clk 0:02:47]} Kh7 {[%clk 0:05:45]} 63. Kf6
{[%clk 0:02:52]} f4 {[%clk 0:05:58]} 64. Rg7+ {[%clk 0:02:58]} Kh6
{[%clk 0:06:23]} 65. Rxg6+ {[%clk 0:03:20]} Kh7 {[%clk 0:06:50]} 66. g4
{[%clk 0:02:43]} hxg4 {[%clk 0:07:01]} 67. Bd3 {[%clk 0:01:32]} Rf3
{[%clk 0:06:53]} 68. Bf5 {[%clk 0:01:19]} Rxb3 {[%clk 0:06:58]} 69. Rxg4+
{[%clk 0:00:54]} Kh6 {[%clk 0:07:00]} 70. Be6 {[%clk 0:00:36]} Rb6
{[%clk 0:04:49]} 71. Rxf4 {[%clk 0:00:35]} d3 {[%clk 0:04:43]} 72. Rf3
{[%clk 0:00:37]} c4 {[%clk 0:03:24]} 73. Ke5 {[%clk 0:01:06]} Rxe6+
{[%clk 0:02:53]} 74. Kd4 {[%clk 0:01:07]} d2 {[%clk 0:03:16]} 0-1

[Event "Portugal Open 2018"]
[Site "Lisboa POR"]
[Date "2018.02.09"]
[Round "9.31"]
[White "Perez Garcia, Roberto"]
[Black "Boricsev, Oleg"]
[Result "0-1"]
[BlackElo "2328"]
[WhiteElo "2142"]
[LiveChessVersion "1.4.8"]

1. d4 {[%clk 1:30:56]} d5 {[%clk 1:28:23]} 2. c4 {[%clk 1:31:20]} e6
{[%clk 1:28:50]} 3. Nf3 {[%clk 1:31:44]} c5 {[%clk 1:29:18]} 4. cxd5
{[%clk 1:31:33]} exd5 {[%clk 1:28:55]} 5. g3 {[%clk 1:31:57]} Nc6
{[%clk 1:29:21]} 6. Bg2 {[%clk 1:32:20]} Nf6 {[%clk 1:29:47]} 7. O-O
{[%clk 1:32:42]} Be7 {[%clk 1:30:15]} 8. dxc5 {[%clk 1:33:05]} Bxc5
{[%clk 1:30:38]} 9. Nc3 {[%clk 1:33:14]} O-O {[%clk 1:29:00]} 10. Na4
{[%clk 1:33:37]} Be7 {[%clk 1:29:25]} 11. Be3 {[%clk 1:34:01]} Bg4
{[%clk 1:29:47]} 12. Rc1 {[%clk 1:34:22]} Re8 {[%clk 1:30:14]} 13. Nc5
{[%clk 1:34:29]} Bxc5 {[%clk 1:30:31]} 14. Bxc5 {[%clk 1:34:55]} Ne4
{[%clk 1:30:54]} 15. Be3 {[%clk 1:34:55]} Qd7 {[%clk 1:30:23]} 16. Re1
{[%clk 1:35:15]} Rac8 {[%clk 1:23:20]} 17. Nd4 {[%clk 1:31:49]} Bh3
{[%clk 1:22:29]} 18. Bh1 {[%clk 1:25:36]} h5 {[%clk 1:06:23]} 19. Nxc6
{[%clk 1:17:00]} bxc6 {[%clk 1:05:43]} 20. Qa4 {[%clk 1:16:27]} h4
{[%clk 1:03:42]} 21. Qxa7 {[%clk 1:10:07]} Qf5 {[%clk 0:57:52]} 22. b4
{[%clk 0:59:17]} c5 {[%clk 0:40:44]} 23. Qb7 {[%clk 0:35:44]} d4 {[%clk 0:26:39]}
24. Bf4 {[%clk 0:19:05]} g5 {[%clk 0:25:27]} 25. Bxe4 {[%clk 0:19:27]} Rxe4
{[%clk 0:25:51]} 26. Bxg5 {[%clk 0:18:42]} Rce8 {[%clk 0:23:52]} 27. Bf4
{[%clk 0:16:53]} d3 {[%clk 0:15:27]} 28. bxc5 {[%clk 0:15:23]} Rxf4
{[%clk 0:12:27]} 29. gxf4 {[%clk 0:14:21]} d2 {[%clk 0:12:48]} 30. Qf3
{[%clk 0:12:45]} Rxe2 {[%clk 0:09:19]} 31. Red1 {[%clk 0:12:14]} Qe6
{[%clk 0:07:58]} 0-1

[Event "Portugal Open 2018"]
[Site "Lisboa POR"]
[Date "2018.02.09"]
[Round "9.32"]
[White "Martins, Bruno Andre Leite"]
[Black "Colijn, Stefan"]
[Result "0-1"]
[BlackElo "2311"]
[WhiteElo "2137"]
[LiveChessVersion "1.4.8"]

1. e4 {[%clk 1:16:28]} d6 {[%clk 1:27:16]} 2. d4 {[%clk 1:16:47]} Nf6
{[%clk 1:27:44]} 3. Nc3 {[%clk 1:17:08]} c6 {[%clk 1:28:10]} 4. f4
{[%clk 1:17:17]} Qa5 {[%clk 1:28:13]} 5. Bd3 {[%clk 1:17:39]} e5 {[%clk 1:28:39]}
6. Nf3 {[%clk 1:17:39]} exd4 {[%clk 1:29:06]} 7. Nxd4 {[%clk 1:17:47]} g6
{[%clk 1:29:35]} 8. Nb3 {[%clk 1:16:46]} Qc7 {[%clk 1:30:03]} 9. O-O
{[%clk 1:15:20]} Bg7 {[%clk 1:30:10]} 10. h3 {[%clk 1:11:51]} O-O
{[%clk 1:24:14]} 11. a4 {[%clk 1:10:18]} Nbd7 {[%clk 1:24:04]} 12. Be3
{[%clk 1:08:32]} Re8 {[%clk 1:23:44]} 13. Re1 {[%clk 1:01:41]} b6
{[%clk 1:22:57]} 14. Nd2 {[%clk 0:56:24]} a6 {[%clk 1:21:32]} 15. g4
{[%clk 0:54:43]} h6 {[%clk 1:16:35]} 16. Be2 {[%clk 0:53:30]} Bb7
{[%clk 0:54:14]} 17. Bf3 {[%clk 0:52:40]} b5 {[%clk 0:54:39]} 18. Bf2
{[%clk 0:43:10]} g5 {[%clk 0:43:28]} 19. fxg5 {[%clk 0:37:21]} hxg5
{[%clk 0:43:40]} 20. Bg2 {[%clk 0:36:35]} b4 {[%clk 0:32:47]} 21. Ne2
{[%clk 0:36:52]} c5 {[%clk 0:33:07]} 22. Ng3 {[%clk 0:36:02]} d5 {[%clk 0:33:18]}
23. exd5 {[%clk 0:33:26]} Nxd5 {[%clk 0:30:24]} 24. Nf5 {[%clk 0:20:42]} Nf4
{[%clk 0:25:29]} 25. Bxb7 {[%clk 0:19:09]} Nxh3+ {[%clk 0:20:17]} 26. Kf1
{[%clk 0:16:56]} Qxb7 {[%clk 0:19:36]} 27. Qf3 {[%clk 0:17:16]} Qxf3
{[%clk 0:18:25]} 28. Nxf3 {[%clk 0:17:45]} Bxb2 {[%clk 0:13:38]} 29. Rxe8+
{[%clk 0:13:51]} Rxe8 {[%clk 0:14:07]} 30. Rd1 {[%clk 0:13:57]} Ne5
{[%clk 0:09:09]} 31. Nxe5 {[%clk 0:12:51]} Nxf2 {[%clk 0:07:44]} 32. Nh6+
{[%clk 0:09:51]} Kh7 {[%clk 0:07:01]} 33. Kxf2 {[%clk 0:09:07]} Bxe5
{[%clk 0:06:56]} 34. Nf5 {[%clk 0:08:55]} c4 {[%clk 0:06:55]} 35. a5
{[%clk 0:07:45]} b3 {[%clk 0:06:44]} 36. cxb3 {[%clk 0:07:35]} cxb3
{[%clk 0:07:08]} 37. Rh1+ {[%clk 0:07:24]} Kg8 {[%clk 0:07:36]} 38. Rb1
{[%clk 0:05:40]} b2 {[%clk 0:07:55]} 39. Ke2 {[%clk 0:05:48]} Kf8
{[%clk 0:07:17]} 40. Kd3 {[%clk 0:06:03]} Rc8 {[%clk 0:07:29]} 41. Kd2
{[%clk 0:05:23]} Rc1 {[%clk 0:07:49]} 0-1